000
00368nam a2200145Ia 4500
008
191206s9999 xx 000 0 und d
020
_a
679745203
090
_a
RZA3957.M
245
0
_a
English patient: a novel
250
_a
1st Vintage International ed.
260
_a
Vintage Books
260
_c
c1993
300
_a
305 p. ; 21 cm.
999
_c
15914
_d
15914